[Event "Warsaw Cup"]
[Site "Warsaw"]
[Date "1987.??.??"]
[Round "5"]
[White "Blatny, Pavel"]
[Black "Dlugosz, Krzysztof"]
[Result "1-0"]
[WhiteElo "2405"]
[BlackElo "2220"]
[PlyCount "95"]
[EventDate "1987.04.??"]
[EventType "swiss"]
[EventRounds "11"]
[EventCountry "POL"]
[SourceTitle "EXT 2001"]
[Source "ChessBase"]
[SourceDate "2000.11.22"]
[SourceVersion "1"]
[SourceVersionDate "2000.11.22"]
[SourceQuality "1"]

1. e4 c5 2. c3 Nf6 3. e5 Nd5 4. d4 cxd4 5. Nf3 d6 6. Bc4 dxe5 7. Nxe5 e6 8. Qxd4 Nc6 9. Bb5 Bd7 10. Bxc6 Bxc6 11. 0-0 Nf6 12. Nxc6 bxc6 13. Qa4 Qc7 14. Bf4 Bd6 15. Bxd6 Qxd6 16. Rd1 Qc7 17. Na3 0-0 18. Nc4 Rfd8 19. Qa5 Qxa5 20. Nxa5 Rdc8 21. Rd6 c5 22. Rad1 Kf8 23. Nc4 Rc7 24. Ne5 Nd5 25. Rd7 Rac8 26. Rxc7 Rxc7 27. Nc4 Ke7 28. f3 Rd7 29. Kf2 Nb6 30. Rxd7+ Nxd7 31. Ke3 Nb8 32. b4 cxb4 33. cxb4 f6 34. Kd4 Kd7 35. a4 Na6 36. b5 Nb4 37. Ne3 Kd6 38. Kc4 Na2 39. Nc2 e5 40. Ne3 g6 41. Nd5 f5 42. a5 e4 43. fxe4 fxe4 44. a6 e3 45. Nxe3 Kc7 46. Nd5+ Kc8 47. b6 axb6 48. Kb5 1-0

[Event "Warsaw Cup"]
[Site "Warsaw"]
[Date "1987.??.??"]
[Round "8"]
[White "Dlugosz, Krzysztof"]
[Black "Grabczewski, Romuald"]
[Result "1/2-1/2"]
[WhiteElo "2220"]
[BlackElo "2285"]
[PlyCount "60"]
[EventDate "1987.04.??"]
[EventType "swiss"]
[EventRounds "11"]
[EventCountry "POL"]
[SourceTitle "EXT 2001"]
[Source "ChessBase"]
[SourceDate "2000.11.22"]
[SourceVersion "1"]
[SourceVersionDate "2000.11.22"]
[SourceQuality "1"]

1. e4 g6 2. d4 Bg7 3. Nc3 d6 4. f4 Nc6 5. Be3 Nf6 6. Be2 0-0 7. g4 e5 8. dxe5 dxe5 9. f5 gxf5 10. gxf5 Qxd1+ 11. Rxd1 Nd4 12. Bd3 Bd7 13. Nce2 Bc6 14. Ng3 Rad8 15. N1e2 Rd7 16. h3 h5 17. Bxd4 exd4 18. e5 Nh7 19. f6 Bh6 20. Nf5 Bxh1 21. Nxh6+ Kh8 22. Kf2 Bd5 23. Rg1 Nxf6 24. exf6 Rd6 25. Nxd4 Rxf6+ 26. Nhf5 c5 27. Rg5 cxd4 28. Rxh5+ Kg8 29. Rg5+ Kh8 30. Rh5+ Kg8 1/2-1/2